| 000 | 00509nam a2200157Ia 4500 | ||
|---|---|---|---|
| 008 | 100122s9999 xx 000 0 und d | ||
| 082 |
_b59424 _a927.92 |
||
| 100 | _aजागीरदार प्र ज | ||
| 245 | _aसंध्याकाळ (क.क्र.9/2) | ||
| 250 | _a0 | ||
| 260 |
_bराजहंस प्रकाशन _c1971 |
||
| 300 | _a117 | ||
| 630 | _aसंध्याकाळ (क.क्र.9/2) | ||
| 730 | _aसंध्याकाळ (क.क्र.9/2) | ||
| 942 | _cBOOK | ||
| 999 |
_c435015 _d435012 |
||